000 00831nam a2200217 i 4500
001 bg
100 1 _aMALKO, Jacek
245 1 0 _aWybrane zagadnienia prognozowania w elektroenergetyce :
_bprognozowanie zapotrzebowania energii i mocy elektrycznej /
_cJacek Malko ; Polska Akademia Nauk. Komitet Elektrotechniki. Sekcja Systemów Elektroenergetycznych.
260 _aWrocław :
_bOficyna Wydawnicza Politechniki Wrocławskiej,
_c1995.
300 _a84 s. :
_bwykr. ;
_c24 cm.
504 _aBibliogr. s. 80-82. - Summ.
650 9 _aElektroenergetyka
_xekonomika
_xprognozy
_xmetody
650 9 _aModele matematyczne
_xstosowanie
_xenergetyka
020 _a837085141X
040 _cBPK
041 0 _apol
_beng
080 _a621.31.001.18:51
920 _a83-7085-141-X
942 _cKS
008 s pl f |000 0 pol
999 _c30779
_d30779
856 _uhttp://koha.tu.koszalin.pl/cgi-bin/koha/opac-detail.pl?biblionumber=30779
_yKatalog online BPK